50k+ U.S. cities - Sudden Death - Statistics

General Stats
  • This quiz has been taken 147 times
  • The average score is 5 of 20
Answers on the Grid
Answers color-coded by a green-red scale on the quiz's grid according to % correct below.
Wentzville
Durham
Elgin
Moline
Gaylord
Hampton
Manassas
Sayreville
Perris
Sherman
Corvallis
New Rochelle
Bozeman
Coral Gables
Dallas
Pontiac
Fairbanks
Bangor
Daly City
Minot
Puyallup
Bowling Green
Saginaw
Pflugerville
Post Falls
Lenexa
Linden
Boston
Danbury
Coachella
Woonsocket
Spearfish
Hilo
Burleson
Grand Island
Vicksburg
San Leandro
Milpitas
Marion
Springdale
 
Answer Stats
Answer % Correct
Durham
68%
Dallas
61%
Hampton
44%
Boston
43%
Elgin
34%
New Rochelle
29%
Bozeman
26%
Daly City
25%
Bowling Green
23%
Pontiac
19%
Corvallis
18%
Danbury
18%
San Leandro
18%
Perris
16%
Springdale
16%
Grand Island
14%
Milpitas
13%
Pflugerville
12%
Lenexa
9%
Burleson
4%
No matching quizzes found
Score Distribution
Percent of People with Each Score
Percentile by Number Answered
Your Score History
You have not taken this quiz